Statystyki dla Wszystkie Postacie W Brawl Stars

Kliknij tutaj aby rozwiązać quiz!

Ogólne statystyki

  • Ten quiz został rozwiązany 1 213 razy
    (207 od ostatniego zresetowania)
  • Średni wynik to 51 z 77

Statystyki odpowiedzi

RzadkośćBrawler% Poprawnych
Aleja pucharkówShelly
95%
RzadkiColt
92%
RzadkiBull
89%
RzadkiNita
89%
RzadkiBrock
87%
RzadkiEl primo
87%
LegendarnyKruk
87%
LegendarnySpike
87%
LegendarnyLeon
86%
RzadkiBarley
84%
RadzkiPoco
84%
RzadkiRosa
84%
MitycznyMortis
82%
EpickiBo
81%
Bardzo RzadkiDynamike
79%
Bardzo RzadkiJessie
79%
EpickiEdgar
77%
LegendarnySandy
77%
EpickiPiper
76%
EpickiBibi
75%
Bardzo rzadkiDarryl
75%
LegendarnySurge
75%
MitycznyTara
75%
Bardzo RzadkiTick
75%
Bardzo Rzadki8 bitowiec
74%
EpickiEmz
74%
EpickiFrank
74%
LegendarnyKit
74%
LegendarnyMeg
74%
LegendarnyAmber
73%
EpickiBea
73%
Bardzo rzadkiJacky
73%
Bardzo rzadkiPenny
73%
Bardzo rzadkiRico
73%
EpickiPam
72%
MitycznyGene
71%
LegendarnyChester
70%
EpickiStu
70%
LegendarnyCordelius
69%
Bardzo rzadkiGus
68%
EpickiMandy
68%
EpickiAngelo
67%
EpickiGale
65%
Bardzo rzadkiCarl
63%
EpickiHank
62%
EpickiColette
61%
MitycznyMaks
61%
EpickiBelle
60%
MitycznyKieł
60%
MitycznyPan P
59%
EpickiNani
57%
EpickiLola
56%
EpickiMaisie
56%
EpickiSam
56%
MitycznyCharlie
54%
EpickiGriff
54%
MitycznyKiełek
54%
MitycznyMico
53%
MitycznyBuzz
52%
EpickiGrom
52%
MitycznyByron
51%
EpickiLarry&Lawrie
51%
MitycznyPułkownik ruffs
51%
MitycznyR-T
51%
EpickiAsh
50%
MitycznyLou
50%
MitycznyOtis
50%
EpickiPearl
50%
MitycznyChuck
49%
MitycznyWillow
49%
EpickiBonnie
48%
MitycznyBuster
48%
MitycznyGray
45%
MitycznyJanet
45%
MitycznyDoug
44%
MitycznyEve
43%
MitycznySqueak
38%

Rozkład punktacji

Percentyl według liczby udzielonych odpowiedzi

Procent ludzi z każdym wynikiem

Twoja historia wyników

Nie rozwiązałeś tego quizu od ostatniego zresetowania